BROWSE’S introduction to the investigation and management of surgical disease
Salvato in:
| Natura: | Libro |
|---|---|
| Lingua: | inglese |
| Pubblicazione: |
Hodder Arnold
2010.
|
| Tags: |
Aggiungi Tag
Nessun Tag, puoi essere il primo ad aggiungerne!!
|
MARC
| LEADER | 00000nam a22000007a 4500 | ||
|---|---|---|---|
| 008 | 210422b ||||| |||| 00| 0 eng d | ||
| 020 | |a 978-0-340-94574-2 | ||
| 245 | |a BROWSE’S introduction to the investigation and management of surgical disease |c Norman L. Browse …[et al.]. | ||
| 250 | |c Browse, Norman L. | ||
| 260 | |b Hodder Arnold |c 2010. |h London |i 689701 |i 689702 |l RD35 .B81 |m Diagnosis, Surgical |m Pathology, Surgical |m Therapeutics, Surgical. | ||
| 942 | |a lcc |c BK |e ADEKANYE, I. H. |f 22/04/2021 | ||
| 952 | |0 0 |1 0 |2 lcc |4 0 |6 RD0035 .B00081. |7 0 |9 2279 |a HOL |b ML |c QZ |d 2021-04-22 |l 0 |o RD35 .B81. |p 2021-6133 |r 2021-04-22 00:00:00 |w 2021-04-22 |y BK | ||
| 952 | |0 0 |1 0 |2 lcc |4 0 |6 RD0035 .B00081. |7 0 |9 2280 |a HOL |b HOL |c QZ |d 2021-04-22 |l 0 |o RD35 .B81. |p 2021-6134 |r 2021-04-22 00:00:00 |w 2021-04-22 |y BK | ||
| 999 | |c 1173 |d 1173 | ||